Soil mechanics / (Record no. 546437)

000 -LEADER
fixed length control field 00551cam a2200193 i 4500
020 ## - INTERNATIONAL STANDARD BOOK NUMBER
International Standard Book Number 0442302185
020 ## - INTERNATIONAL STANDARD BOOK NUMBER
International Standard Book Number 0442302207 (pbk.)
082 00 - DEWEY DECIMAL CLASSIFICATION NUMBER
Classification number 624/.15136
Author Mark CRA
-- L-16, P-43
100 1# - MAIN ENTRY--PERSONAL NAME
Personal name Craig, R. F.
9 (RLIN) 13287
245 10 - TITLE STATEMENT
Title Soil mechanics /
Statement of responsibility, etc. R. F. Craig.
250 ## - EDITION STATEMENT
Edition statement 2d ed.
260 ## - PUBLICATION, DISTRIBUTION, ETC.
Place of publication, distribution, etc. New York :
Name of publisher, distributor, etc. Van Nostrand Reinhold,
Date of publication, distribution, etc. 1978.
300 ## - PHYSICAL DESCRIPTION
Extent vii, 318 p. :
Other physical details ill. ;
Dimensions 24 cm.
526 ## - STUDY PROGRAM INFORMATION NOTE
Program name 0
Interest level 0
Reading level 0
Title point value 624_151360000000000_CRA
526 ## - STUDY PROGRAM INFORMATION NOTE
Program name 0
Interest level 0
Reading level 0
Title point value 624_151360000000000_CRA
650 #0 - SUBJECT ADDED ENTRY--TOPICAL TERM
Topical term or geographic name entry element MCE
9 (RLIN) 379
650 #0 - SUBJECT ADDED ENTRY--TOPICAL TERM
Topical term or geographic name entry element Soil mechanics.
942 ## - ADDED ENTRY ELEMENTS (KOHA)
Source of classification or shelving scheme
Koha item type Book
Holdings
Withdrawn status Lost status Source of classification or shelving scheme Damaged status Not for loan Permanent Location Current Location Date acquired Total Checkouts Full call number Barcode Date last seen Price effective from Koha item type Date last checked out
          Military College of Engineering (MCE) Military College of Engineering (MCE) 06/12/2014   624/.15136 CRA MCE-9018 06/12/2014 06/12/2014 Book  
          Military College of Engineering (MCE) Military College of Engineering (MCE) 07/18/2016 1 624/.15136 CRA MCE-19079 02/19/2018 07/18/2016 Book 07/18/2016
© 2023 Central Library, National University of Sciences and Technology. All Rights Reserved.